[Event "HUN-chT2 Maroczy 1819"]
[Site "Hungary"]
[Date "2018.09.23"]
[Round "1.10"]
[White "Balogh, Akos1111"]
[Black "Kovacs, Tamas"]
[Result "1/2-1/2"]
[WhiteElo "2009"]
[BlackElo "2125"]
[PlyCount "128"]
[EventDate "2018.09.23"]
[EventType "team-tourn"]
[EventRounds "11"]
[EventCountry "HUN"]
[SourceTitle "EXT 2020"]
[Source "ChessBase"]
[SourceDate "2019.10.17"]
[SourceVersion "1"]
[SourceVersionDate "2019.10.17"]
[SourceQuality "1"]
[WhiteTeam "Debrecen Kwizda"]
[BlackTeam "Lillafured DVTK II"]
[WhiteTeamCountry "HUN"]
[BlackTeamCountry "HUN"]

1. d4 Nf6 2. c4 e6 3. Nf3 Bb4+ 4. Bd2 Qe7 5. a3 Bxd2+ 6. Qxd2 0-0 7. Nc3 d5 8. e3 b6 9. cxd5 exd5 10. Bd3 c5 11. dxc5 bxc5 12. 0-0 Be6 13. Rac1 Nbd7 14. Bb1 Rab8 15. Ba2 Ne4 16. Nxd5 Bxd5 17. Qxd5 Rxb2 18. Bb1 Ndf6 19. Qf5 Rfb8 20. Bxe4 Nxe4 21. Ne5 Re8 22. Nc4 Rbb8 23. f3 Nd6 24. Nxd6 Qxd6 25. Rfd1 Qe5 26. Qxe5 Rxe5 27. e4 f5 28. Rc4 Rb7 29. Rd5 Rxd5 30. exd5 Rc7 31. d6 Rd7 32. Rxc5 Kf7 33. Rxf5+ Ke6 34. Ra5 Kxd6 35. Kf2 Kc6 36. a4 Kb6 37. Re5 Kc6 38. h4 Kd6 39. f4 Rb7 40. Kf3 g6 41. h5 gxh5 42. Rxh5 Rg7 43. Re5 Rc7 44. Kg4 Rf7 45. g3 Rf6 46. Kh5 Kc6 47. f5 Rd6 48. Re6 Rxe6 49. fxe6 Kd6 50. g4 Kxe6 51. Kh6 Kf6 52. g5+ Kf5 53. Kh5 Kf4 54. a5 Kf5 55. a6 Kf4 56. Kh6 Kf5 57. Kxh7 Kxg5 58. Kg7 Kf5 59. Kf7 Kg5 60. Ke7 Kg6 61. Kd7 Kf7 62. Kc7 Ke7 63. Kb8 Kd8 64. Kxa7 Kc7 1/2-1/2

[Event "Katowice POL-HUN 3rd"]
[Site "Katowice"]
[Date "2015.03.21"]
[Round "3"]
[White "Kovacs, Tamas"]
[Black "Korpa, Bence"]
[Result "0-1"]
[WhiteElo "2131"]
[BlackElo "2428"]
[PlyCount "65"]
[EventDate "2015.03.21"]
[EventType "swiss (rapid)"]
[EventRounds "9"]
[EventCountry "POL"]
[SourceTitle "CBM 165 Extra"]
[Source "ChessBase"]
[SourceDate "2015.04.21"]
[SourceVersion "1"]
[SourceVersionDate "2015.04.21"]
[SourceQuality "1"]

1. d4 Nf6 2. c4 e6 3. Nc3 Bb4 4. f3 d5 5. a3 Bxc3+ 6. bxc3 c5 7. e3 0-0 8. cxd5 Nxd5 9. Qc2 cxd4 10. cxd4 Nc6 11. Bd3 Qa5+ 12. Kf2 f5 13. Ne2 Ncb4 14. Qb1 Nxd3+ 15. Qxd3 Bd7 16. Bd2 Qc7 17. g3 Qd6 18. Rhc1 Bc6 19. Rc5 e5 20. Qc4 Kh8 21. dxe5 Qxe5 22. Re1 Qd6 23. Nd4 Nb6 24. Qc2 Bd5 25. Rc1 Rae8 26. Qd3 Qh6 27. Kg1 Qh5 28. Rc7 Bxf3 29. Nxf3 Qxf3 30. Qd4 Rg8 31. Rxb7 Qxb7 32. Bc3 Qf3 33. Bd2 0-1

[Event "HUN-chT2 Erkel 1314"]
[Site "Hungary"]
[Date "2014.04.27"]
[Round "11.6"]
[White "Markos, Adam"]
[Black "Kovacs, Tamas"]
[Result "1/2-1/2"]
[WhiteElo "2065"]
[BlackElo "2153"]
[PlyCount "24"]
[EventDate "2013.09.08"]
[EventType "team-tourn"]
[EventRounds "11"]
[EventCountry "HUN"]
[SourceTitle "EXT 2016"]
[Source "ChessBase"]
[SourceDate "2015.10.08"]
[SourceVersion "1"]
[SourceVersionDate "2015.10.08"]
[SourceQuality "1"]
[WhiteTeam "Dunaharaszti II"]
[BlackTeam "Gyongyos Matra"]
[WhiteTeamCountry "HUN"]
[BlackTeamCountry "HUN"]

1. c4 Nf6 2. g3 e6 3. Bg2 d5 4. Nf3 Be7 5. 0-0 0-0 6. b3 c5 7. cxd5 exd5 8. d4 Nc6 9. Bb2 Ne4 10. dxc5 Be6 11. Nc3 Bxc5 12. Rc1 Be7 1/2-1/2

[Event "HUN-chT2 Erkel 1314"]
[Site "Hungary"]
[Date "2013.10.20"]
[Round "3.6"]
[White "Kovacs, Tamas"]
[Black "Bodrogi, Mihaly"]
[Result "0-1"]
[WhiteElo "2153"]
[BlackElo "2082"]
[PlyCount "96"]
[EventDate "2013.09.08"]
[EventType "team-tourn"]
[EventRounds "11"]
[EventCountry "HUN"]
[SourceTitle "EXT 2016"]
[Source "ChessBase"]
[SourceDate "2015.10.08"]
[SourceVersion "1"]
[SourceVersionDate "2015.10.08"]
[SourceQuality "1"]
[WhiteTeam "Gyongyos Matra"]
[BlackTeam "Budapest EAC II"]
[WhiteTeamCountry "HUN"]
[BlackTeamCountry "HUN"]

1. d4 c5 2. d5 d6 3. e4 g6 4. Nf3 Bg7 5. Be2 Bg4 6. Nfd2 Bxe2 7. Qxe2 Nf6 8. 0-0 0-0 9. a4 e6 10. Nc3 Re8 11. Qb5 Na6 12. Nc4 Rb8 13. dxe6 Rxe6 14. Bg5 Nb4 15. Ne3 a6 16. Qc4 Qe8 17. f3 h6 18. Bh4 Nd7 19. Rad1 Bd4 20. Bf2 Kh7 21. Ncd5 Bxe3 22. Bxe3 Nxd5 23. Qxd5 Nb6 24. Qd2 Nc4 25. Qc3 Nxe3 26. Qxe3 Qxa4 27. Qf4 Qd7 28. Rd5 Qc7 29. Rfd1 Rd8 30. h4 Qe7 31. h5 Kg7 32. Qg3 Kh7 33. e5 Rxe5 34. Rxe5 dxe5 35. Rxd8 Qxd8 36. hxg6+ fxg6 37. Qxe5 Qd4+ 38. Qxd4 cxd4 39. Kf2 Kg7 40. f4 Kf6 41. Kf3 h5 42. Ke4 h4 43. Kf3 Kf5 44. g4+ hxg3 45. Kxg3 a5 46. Kf3 b5 47. Kg3 a4 48. Kf3 b4 0-1

[Event "HUN-chT2 Erkel 1314"]
[Site "Hungary"]
[Date "2013.09.08"]
[Round "1.7"]
[White "Halasz, Csaba"]
[Black "Kovacs, Tamas"]
[Result "1/2-1/2"]
[WhiteElo "2120"]
[BlackElo "2153"]
[PlyCount "33"]
[EventDate "2013.09.08"]
[EventType "team-tourn"]
[EventRounds "11"]
[EventCountry "HUN"]
[SourceTitle "EXT 2016"]
[Source "ChessBase"]
[SourceDate "2015.10.08"]
[SourceVersion "1"]
[SourceVersionDate "2015.10.08"]
[SourceQuality "1"]
[WhiteTeam "Budapest MAFC"]
[BlackTeam "Gyongyos Matra"]
[WhiteTeamCountry "HUN"]
[BlackTeamCountry "HUN"]

1. e4 c5 2. Nf3 e6 3. d4 cxd4 4. Nxd4 a6 5. Bd3 Nc6 6. Nxc6 dxc6 7. 0-0 e5 8. Qe2 Nf6 9. h3 Be6 10. Be3 Bd6 11. a4 0-0 12. Rd1 Qe7 13. Nd2 Nd7 14. Bc4 Bc5 15. Bxe6 Qxe6 16. Bxc5 Nxc5 17. Qc4 1/2-1/2

[Event "HUN-chT2 Barcza 1213"]
[Site "Hungary"]
[Date "2012.09.16"]
[Round "1.4"]
[White "Hajdu, Andras"]
[Black "Kovacs, Tamas"]
[Result "1/2-1/2"]
[WhiteElo "2112"]
[BlackElo "2190"]
[PlyCount "53"]
[EventDate "2012.09.16"]
[EventType "team-tourn"]
[EventRounds "11"]
[EventCountry "HUN"]
[SourceTitle "EXT 2014"]
[Source "ChessBase"]
[SourceDate "2013.11.20"]
[SourceVersion "1"]
[SourceVersionDate "2013.11.20"]
[SourceQuality "1"]
[WhiteTeam "Debrecen Sakkiskola"]
[BlackTeam "Miskolc EMSE"]
[WhiteTeamCountry "HUN"]
[BlackTeamCountry "HUN"]

1. e4 c5 2. Nf3 e6 3. d4 cxd4 4. Nxd4 Nf6 5. Bd3 Nc6 6. Be3 Qc7 7. Nd2 h5 8. h3 d5 9. Nxc6 bxc6 10. c4 Rb8 11. Qc2 dxe4 12. Nxe4 Nxe4 13. Bxe4 Bb4+ 14. Kf1 0-0 15. g3 f5 16. Bf3 h4 17. g4 fxg4 18. Bxg4 Qe5 19. Qe2 Ba6 20. Rc1 c5 21. Rg1 Kh8 22. b3 Rbd8 23. Bf3 Rf5 24. Rg4 Rdf8 25. Rxh4+ Kg8 26. Be4 Qh2 27. Bg2 1/2-1/2

[Event "HUN-chT2 Barcza 1112 "]
[Site "Hungary"]
[Date "2012.05.20"]
[Round "11"]
[White "Kovacs, Tamas"]
[Black "Bartha, Laszlo"]
[Result "1-0"]
[WhiteElo "2159"]
[BlackElo "2040"]
[PlyCount "85"]
[EventDate "2011.09.25"]
[EventType "team-tourn"]
[EventRounds "11"]
[EventCountry "HUN"]
[SourceTitle "EXT 2013"]
[Source "ChessBase"]
[SourceDate "2012.11.22"]
[SourceVersion "1"]
[SourceVersionDate "2012.11.22"]
[SourceQuality "1"]
[WhiteTeam "Sarospatak"]
[BlackTeam "Tiszavasvar"]
[WhiteTeamCountry "HUN"]
[BlackTeamCountry "HUN"]

1. d4 Nf6 2. c4 g6 3. Nc3 Bg7 4. e4 d6 5. f3 c6 6. Bg5 Nbd7 7. Bd3 Qc7 8. Nge2 e5 9. d5 a6 10. Rc1 c5 11. 0-0 h6 12. Be3 0-0 13. Qd2 Kh7 14. a3 Ng8 15. b4 b6 16. Rb1 Rb8 17. g3 Ndf6 18. Kg2 Bd7 19. h3 Qc8 20. Ng1 Nh5 21. Nce2 f5 22. exf5 Bxf5 23. Nc3 Bxd3 24. Qxd3 Qd7 25. Nge2 Ne7 26. Bf2 Nf6 27. g4 Kg8 28. Ng3 Nh7 29. Be3 Qe8 30. Nce4 Qd7 31. Rb3 Nf6 32. Rfb1 Nxe4 33. Nxe4 Qc7 34. bxc5 bxc5 35. Bxc5 Rxb3 36. Rxb3 Nf5 37. gxf5 gxf5 38. Bxd6 fxe4 39. Bxc7 exd3 40. Rxd3 Rc8 41. d6 Bf6 42. Rb3 Kf7 43. Rb6 1-0

[Event "HUN-chT2 Maroczy 0910"]
[Site "Hungary"]
[Date "2010.05.02"]
[Round "11"]
[White "Kelly, Ladislau Endre"]
[Black "Kovacs, Tamas"]
[Result "1-0"]
[WhiteElo "2229"]
[BlackElo "2175"]
[PlyCount "63"]
[EventDate "2009.11.08"]
[EventType "team-tourn"]
[EventRounds "11"]
[EventCountry "HUN"]
[SourceTitle "EXT 2011"]
[Source "ChessBase"]
[SourceDate "2010.11.26"]
[SourceVersion "1"]
[SourceVersionDate "2010.11.26"]
[SourceQuality "1"]
[WhiteTeam "Gyula"]
[BlackTeam "Miskolc EMSE"]
[WhiteTeamCountry "HUN"]
[BlackTeamCountry "HUN"]

1. e4 c5 2. Nf3 e6 3. d4 cxd4 4. Nxd4 a6 5. c4 Qc7 6. Nc3 Nf6 7. Bd3 Nc6 8. Be3 h5 9. h3 g6 10. f4 d6 11. 0-0 Bg7 12. Rc1 Bd7 13. Nd5 Qb8 14. Nb6 Ra7 15. Nf3 Ke7 16. e5 dxe5 17. Bc5+ Ke8 18. fxe5 Nxe5 19. Nxe5 Qxe5 20. Nxd7 Nxd7 21. Bxa7 b6 22. Qf3 f5 23. c5 bxc5 24. Bxa6 Ke7 25. Bb5 Qxb2 26. Bxd7 Bd4+ 27. Kh1 Kxd7 28. Bxc5 Be5 29. Rfd1+ Ke8 30. Qa8+ Kf7 31. Rd7+ Kf6 32. Be7+ 1-0

[Event "HUN-chT2 Maroczy 0910"]
[Site "Hungary"]
[Date "2010.04.18"]
[Round "10"]
[White "Kovacs, Tamas"]
[Black "Keresztes, Mark"]
[Result "1/2-1/2"]
[WhiteElo "2175"]
[BlackElo "2108"]
[PlyCount "78"]
[EventDate "2009.11.08"]
[EventType "team-tourn"]
[EventRounds "11"]
[EventCountry "HUN"]
[SourceTitle "EXT 2011"]
[Source "ChessBase"]
[SourceDate "2010.11.26"]
[SourceVersion "1"]
[SourceVersionDate "2010.11.26"]
[SourceQuality "1"]
[WhiteTeam "Miskolc EMSE"]
[BlackTeam "TLSE"]
[WhiteTeamCountry "HUN"]
[BlackTeamCountry "HUN"]

1. d4 d5 2. c4 e6 3. Nc3 f5 4. g3 c6 5. Bg2 Nf6 6. Nf3 Be7 7. 0-0 0-0 8. b3 Nbd7 9. a4 b6 10. Ba3 Bxa3 11. Rxa3 Ba6 12. Nd2 Qe7 13. Qa1 Rac8 14. Rb1 Qb4 15. e3 Ne4 16. Ndxe4 fxe4 17. Qb2 Qe7 18. a5 b5 19. cxb5 Bxb5 20. Nxb5 cxb5 21. b4 Rc6 22. Rc3 Rfc8 23. Rbc1 Nb8 24. f3 exf3 25. Bxf3 Qd6 26. Rc5 Nd7 27. R5c3 a6 28. Kg2 Kf7 29. e4 dxe4 30. Bxe4 Rxc3 31. Rxc3 Rxc3 32. Qxc3 Nf6 33. Kf3 Nxe4 34. Kxe4 Qd5+ 35. Ke3 Kf6 36. Qc2 h6 37. Qf2+ Ke7 38. Qc2 Qg5+ 39. Ke2 Qg4+ 1/2-1/2

[Event "Eger Tel op"]
[Site "Eger"]
[Date "2008.01.25"]
[Round "2"]
[White "Kovacs, Tamas"]
[Black "Bagi, Mate"]
[Result "0-1"]
[WhiteElo "2208"]
[BlackElo "1845"]
[PlyCount "76"]
[EventDate "2008.01.24"]
[EventType "swiss"]
[EventRounds "7"]
[EventCountry "HUN"]
[SourceTitle "EXT 2011"]
[Source "ChessBase"]
[SourceDate "2010.11.26"]
[SourceVersion "1"]
[SourceVersionDate "2010.11.26"]
[SourceQuality "1"]

1. d4 d5 2. c4 c6 3. Nc3 Nf6 4. Nf3 e6 5. g3 Nbd7 6. Bg2 Bb4 7. 0-0 Bxc3 8. bxc3 Ne4 9. Qb3 0-0 10. Bf4 f5 11. cxd5 exd5 12. c4 Nb6 13. cxd5 Nxd5 14. Rfc1 Qe7 15. Rab1 Kh8 16. Be5 Nb6 17. a4 Be6 18. Qb2 Rf7 19. a5 Nc4 20. Qa1 Bd5 21. Qa4 Na3 22. Rb2 a6 23. Nd2 Raf8 24. f4 Nf6 25. Bxd5 Nxd5 26. e4 fxe4 27. Nxe4 Nb5 28. Qd1 Qa3 29. Qe2 h6 30. Nc5 Re7 31. Qd2 Qf3 32. Rb3 Qg4 33. Qc2 Nxf4 34. Kh1 Ne2 35. Qd1 Rf2 36. Qe1 Ref7 37. Bf4 R7xf4 38. Re3 Qh3 0-1

[Event "HUN-chT2 Maroczy 0708"]
[Site "Hungary"]
[Date "2007.12.16"]
[Round "5"]
[White "Dobai, Szabolcs"]
[Black "Kovacs, Tamas"]
[Result "1-0"]
[WhiteElo "2177"]
[BlackElo "2208"]
[PlyCount "85"]
[EventDate "2007.10.14"]
[EventType "team"]
[EventRounds "11"]
[EventCountry "HUN"]
[SourceTitle "EXT 2009"]
[Source "ChessBase"]
[SourceDate "2008.11.26"]
[SourceVersion "1"]
[SourceVersionDate "2008.11.26"]
[SourceQuality "1"]
[WhiteTeam "Miskolc EMSE"]
[BlackTeam "Sarospatak"]
[WhiteTeamCountry "HUN"]
[BlackTeamCountry "HUN"]

1. Nf3 c5 2. g3 g6 3. Bg2 Bg7 4. c4 Nc6 5. Nc3 e5 6. 0-0 Nge7 7. Ne1 0-0 8. Nc2 d6 9. d3 Be6 10. Bg5 h6 11. Bxe7 Qxe7 12. Ne3 Qd7 13. Rb1 Bh3 14. a3 Bxg2 15. Kxg2 f5 16. Ned5 f4 17. b4 Nd4 18. f3 h5 19. Ne4 cxb4 20. Rxb4 Kh8 21. Rb2 Bh6 22. Qd2 b6 23. Qb4 Rad8 24. a4 Qe6 25. Qe1 g5 26. a5 bxa5 27. Qxa5 Rd7 28. Rfb1 g4 29. Rb8 Nxe2 30. Rxf8+ Bxf8 31. Ndf6 fxg3 32. fxg4 Rf7 33. Qd8 Nf4+ 34. Kxg3 Kg7 35. Ne8+ Kh8 36. N8f6 Kg7 37. Rb8 h4+ 38. Kxh4 Nxd3 39. Nh5+ Kh6 40. Qg5+ Kh7 41. Nef6+ Rxf6 42. Nxf6+ Kh8 43. Rxf8+ 1-0

[Event "HUN-chT2 Maroczy 0708"]
[Site "Hungary"]
[Date "2007.12.09"]
[Round "4"]
[White "Herczku, Daniel"]
[Black "Kovacs, Tamas"]
[Result "0-1"]
[WhiteElo "2080"]
[BlackElo "2208"]
[PlyCount "60"]
[EventDate "2007.10.14"]
[EventType "team"]
[EventRounds "11"]
[EventCountry "HUN"]
[SourceTitle "EXT 2009"]
[Source "ChessBase"]
[SourceDate "2008.11.26"]
[SourceVersion "1"]
[SourceVersionDate "2008.11.26"]
[SourceQuality "1"]
[WhiteTeam "Koszolg"]
[BlackTeam "Sarospatak"]
[WhiteTeamCountry "HUN"]
[BlackTeamCountry "HUN"]

1. e4 c5 2. Nf3 e6 3. d3 Nc6 4. g3 g6 5. Bg2 Bg7 6. 0-0 Nge7 7. Re1 d6 8. Nbd2 0-0 9. Nf1 f5 10. c3 e5 11. Qb3+ Kh8 12. Ng5 Qe8 13. exf5 Bxf5 14. Qxb7 d5 15. c4 Rb8 16. Qc7 Nb4 17. cxd5 Nxd3 18. Rd1 e4 19. d6 Nd5 20. Qxa7 h6 21. Rxd3 exd3 22. Bxd5 hxg5 23. Bxg5 Qe2 24. Nd2 Bd4 25. Rf1 Bh3 26. Bf3 Qe6 27. Rd1 Rbe8 28. Be7 Rxf3 29. Nxf3 Qe2 30. Re1 Qxf2+ 0-1